Stanovy Dobrovoľnej požiarnej ochrany Slovenskej republiky - návrh na verejnú diskusiu

Bibliographic Details
Format: Article
Language:Slovak
ISSN:0231-617X
Subjects:

MARC

LEADER 00000nab a2200000 a 4500
001 vtls008953353
003 SK-MaSNL
005 20260303070252.0
008 140617c2006 xo sr|p|||||||000 b|slo
015 |a SNBRB2007/03  |2 snkbucl 
038 |a SNKBUCL 
040 |a SNKBUCL  |b slo  |c SNKBUCL  |e AACR2 
041 0 |a slo 
044 |a xo  |c SK 
080 |a 614.842.83  |x (437.6)  |2 1997 
080 |a 061.25  |2 1997 
245 0 0 |a Stanovy Dobrovoľnej požiarnej ochrany Slovenskej republiky - návrh na verejnú diskusiu 
610 2 7 |a Dobrovoľná požiarna ochrana Slovenskej republiky  |2 snkbucl  |9 35688 
650 0 7 |a stanovy  |2 snkbucl  |9 28030 
773 0 |t Požiarnik  |g Roč. LXXXIII, č. 9 (2006)  |x 0231-617X 
773 0 8 |g Č. 9 (2006), s. 1-8 
852 |a SNK  |b KIS3GCP 
958 |a SK 
999 |c 1754632  |d 1756562